| 000 | 00405nam a22001577a 4500 | ||
|---|---|---|---|
| 003 | MPLRDC | ||
| 005 | 20220104143718.0 | ||
| 008 | 210129b ||||| |||| 00| 0 eng d | ||
| 082 | _a220.7 XYDS-10 c.2 | ||
| 100 | _a星云大师 | ||
| 245 |
_a迷悟之间: 摘自"人间福报" _c |
||
| 260 |
_a _b马佛光文化事业 _c2000 |
||
| 300 | _b平 | ||
| 650 | _a佛教杂论 | ||
| 942 |
_cBK _o220.7 XYDS-10 c.2 |
||
| 999 |
_c42599 _d42589 |
||